[Event "Araraquara op 2nd"]
[Site "Araraquara"]
[Date "2024.02.11"]
[Round "4"]
[White "Serra, Kelvin Ribeiro"]
[Black "Haraguchi, Diego Sashaki"]
[Result "1/2-1/2"]
[WhiteElo "1705"]
[BlackElo "1967"]
[PlyCount "145"]
[EventDate "2024.02.10"]
[EventType "swiss"]
[EventRounds "7"]
[EventCountry "BRA"]
[SourceTitle "CB09_2024"]
[SourceDate "2024.02.28"]
[SourceVersion "1"]
[SourceVersionDate "2024.02.28"]
[SourceQuality "1"]

1. e4 e5 2. Nf3 Nc6 3. Bb5 a6 4. Ba4 Nf6 5. 0-0 b5 6. Bb3 Be7 7. Re1 0-0 8. a4 Rb8 9. d4 Nxd4 10. Nxd4 exd4 11. e5 Ne8 12. axb5 axb5 13. Qxd4 c5 14. Qd1 c4 15. Ba2 d5 16. Be3 Be6 17. Nc3 Bb4 18. Bd4 g6 19. Re3 Ng7 20. g4 h5 21. h3 Qh4 22. Rg3 Be7 23. Kg2 Rfd8 24. f4 Bd7 25. Qf3 Ne6 26. Rd1 Ra8 27. Bb1 Bc6 28. Ne2 Kf8 29. c3 Ke8 30. Bf2 Bc5 31. Nd4 Bxd4 32. cxd4 Kd7 33. f5 Ng5 34. Qf4 hxg4 35. e6+ fxe6 36. fxe6+ Nxe6 37. Qxg4 Qxg4 38. Rxg4 Ra1 39. Re1 Rf8 40. Kg3 g5 41. Bg6 Rxe1 42. Bxe1 Kc7 43. Bd2 Rf1 44. Bxg5 Nxg5 45. Rxg5 b4 46. h4 c3 47. bxc3 b3 48. h5 b2 49. h6 b1Q 50. Bxb1 Rxb1 51. Rh5 Rb8 52. h7 Rh8 53. Kf4 Bb5 54. Ke5 Bd3 55. Kxd5 Rxh7 56. Rxh7+ Bxh7 57. c4 Bg8+ 58. Kc5 Bxc4 59. Kxc4 Kc6 60. d5+ Kd6 61. Kd4 Kd7 62. Kc5 Kc7 63. Kb4 Kd6 64. Kc4 Kd7 65. Kc5 Kc7 66. d6+ Kd7 67. Kd5 Kd8 68. Ke6 Ke8 69. Kf6 Kd7 70. Ke5 Kd8 71. Ke6 Ke8 72. d7+ Kd8 73. Kd6 1/2-1/2

[Event "Hebraica op 32nd"]
[Site "Hebraica"]
[Date "2024.02.04"]
[Round "6"]
[White "Serra, Kelvin Ribeiro"]
[Black "Haraguchi, Diego Sashaki"]
[Result "0-1"]
[WhiteElo "1705"]
[BlackElo "1967"]
[PlyCount "86"]
[EventDate "2024.02.02"]
[EventType "swiss"]
[EventRounds "6"]
[EventCountry "BRA"]
[SourceTitle "CB07_2024"]
[SourceDate "2024.02.14"]
[SourceVersion "1"]
[SourceVersionDate "2024.02.14"]
[SourceQuality "1"]

1. e4 c5 2. Nf3 e6 3. c3 Nf6 4. e5 Nd5 5. d4 cxd4 6. cxd4 d6 7. Bb5+ Bd7 8. Bxd7+ Qxd7 9. 0-0 Nc6 10. Bg5 h6 11. Bh4 Be7 12. Bxe7 Ndxe7 13. Nc3 dxe5 14. dxe5 Qxd1 15. Raxd1 Ng6 16. Rfe1 Ke7 17. g3 Rhd8 18. Rxd8 Rxd8 19. Re3 b6 20. h4 h5 21. Kg2 Rd7 22. a3 Na5 23. Re4 Nb3 24. Rc4 Nc5 25. Rd4 Nd3 26. Rxd7+ Kxd7 27. Ng5 Ngxe5 28. f4 f6 29. fxe5 fxg5 30. hxg5 Nxb2 31. Kf3 Nc4 32. Kf4 Nxa3 33. g6 b5 34. Kg5 b4 35. Ne4 Kc6 36. Nf6 b3 37. Nxh5 b2 38. Nxg7 b1Q 39. Nxe6 Qb8 40. Kf6 Nc4 41. g7 Qxe5+ 42. Kf7 Nd6+ 43. Ke7 Nf5+ 0-1

[Event "Hebraica op 32nd"]
[Site "Hebraica"]
[Date "2024.02.03"]
[Round "3"]
[White "Haraguchi, Diego Sashaki"]
[Black "Faleiro, Rafael de Melo"]
[Result "1-0"]
[WhiteElo "1967"]
[BlackElo "1739"]
[PlyCount "63"]
[EventDate "2024.02.02"]
[EventType "swiss"]
[EventRounds "6"]
[EventCountry "BRA"]
[SourceTitle "CB07_2024"]
[SourceDate "2024.02.14"]
[SourceVersion "1"]
[SourceVersionDate "2024.02.14"]
[SourceQuality "1"]

1. e4 c5 2. Nf3 d6 3. b4 Nc6 4. b5 Nd4 5. Bc4 Nxf3+ 6. Qxf3 e6 7. 0-0 Nf6 8. d3 Be7 9. Bb3 0-0 10. c3 Bd7 11. a4 a6 12. bxa6 Rxa6 13. c4 b5 14. cxb5 Bxb5 15. Nc3 Bc6 16. Qg3 Kh8 17. Bc2 Qa5 18. Bd2 Rb8 19. f4 Qc7 20. e5 Nd5 21. Nxd5 Bxd5 22. Bc3 Bf8 23. exd6 Qxd6 24. Be5 Qd8 25. d4 Rb2 26. Qd3 Qh4 27. Rf2 f6 28. Qxa6 fxe5 29. Qc8 Kg8 30. fxe5 Qe7 31. Raf1 g6 32. Rxf8+ 1-0

[Event "Hebraica op 32nd"]
[Site "Hebraica"]
[Date "2024.02.02"]
[Round "1"]
[White "Haraguchi, Diego Sashaki"]
[Black "Bacha, Helio Arthur"]
[Result "1-0"]
[WhiteElo "1967"]
[BlackElo "1508"]
[PlyCount "43"]
[EventDate "2024.02.02"]
[EventType "swiss"]
[EventRounds "6"]
[EventCountry "BRA"]
[SourceTitle "CB07_2024"]
[SourceDate "2024.02.14"]
[SourceVersion "1"]
[SourceVersionDate "2024.02.14"]
[SourceQuality "1"]

1. d4 d5 2. c4 c6 3. Nf3 Nf6 4. Nc3 e6 5. e3 Bd6 6. Qc2 Nbd7 7. Bd3 dxc4 8. Bxc4 0-0 9. 0-0 b5 10. Bd3 h6 11. Rd1 Bb7 12. e4 Bb4 13. Bf4 a6 14. a3 Bxc3 15. Qxc3 Rc8 16. b4 Nb6 17. Bc2 Qe7 18. e5 Nfd5 19. Qd3 f5 20. exf6 Nxf6 21. Ne5 Qe8 22. Bxh6 1-0

[Event "Titled Tuesday intern op 25th Jul Late"]
[Site "Chess.com INT"]
[Date "2023.07.25"]
[Round "2"]
[White "Haraguchi, Diego Sashaki"]
[Black "Tristan, Leonardo"]
[Result "0-1"]
[WhiteElo "1967"]
[BlackElo "2526"]
[PlyCount "72"]
[EventDate "2023.07.25"]
[EventType "swiss (blitz)"]
[EventRounds "11"]
[EventCountry "USA"]
[SourceTitle "EXT 2024"]
[Source "ChessBase"]
[SourceDate "2023.10.10"]
[SourceVersion "1"]
[SourceVersionDate "2023.10.10"]
[SourceQuality "1"]

1. d4 d5 2. c4 e6 3. Nf3 Nf6 4. g3 Be7 5. Bg2 0-0 6. 0-0 dxc4 7. Qc2 a6 8. a4 Bd7 9. Qxc4 Bc6 10. Nc3 a5 11. Rd1 Nbd7 12. Bf4 Bd6 13. Be5 Qe7 14. Nb5 Rfc8 15. Rac1 Nb6 16. Qc2 Nfd5 17. Qb3 Nb4 18. Nc3 Qe8 19. Ra1 N4d5 20. Bxd6 cxd6 21. Nxd5 Nxd5 22. Nd2 Nb4 23. Bxc6 Qxc6 24. Rac1 Qxc1 25. Rxc1 Rxc1+ 26. Kg2 Rc2 27. Nc4 Rxe2 28. Nxa5 Rxa5 29. Qxb4 Rf5 30. Qxd6 Rfxf2+ 31. Kg1 Rg2+ 32. Kf1 h5 33. Qb8+ Kh7 34. Qxb7 Ref2+ 35. Ke1 Rxb2 36. Qe4+ f5 0-1

[Event "Titled Tuesday intern op 25th Jul Early"]
[Site "Chess.com INT"]
[Date "2023.07.25"]
[Round "2"]
[White "Morefield, Jason P"]
[Black "Haraguchi, Diego Sashaki"]
[Result "1-0"]
[WhiteElo "2226"]
[BlackElo "1967"]
[PlyCount "85"]
[EventDate "2023.07.25"]
[EventType "swiss (blitz)"]
[EventRounds "11"]
[EventCountry "USA"]
[SourceTitle "EXT 2024"]
[Source "ChessBase"]
[SourceDate "2023.10.10"]
[SourceVersion "1"]
[SourceVersionDate "2023.10.10"]
[SourceQuality "1"]

1. e4 e5 2. Nf3 Nc6 3. Bb5 Nge7 4. 0-0 g6 5. c3 Bg7 6. d4 exd4 7. cxd4 d5 8. exd5 Qxd5 9. Nc3 Qh5 10. d5 a6 11. Ba4 b5 12. Nxb5 axb5 13. Bxb5 0-0 14. Bxc6 Nxc6 15. dxc6 Be6 16. Ng5 Bg4 17. f3 Bc8 18. g4 Qh4 19. Qe1 Qxe1 20. Rxe1 Ra6 21. a4 Rxc6 22. Ra3 Bd4+ 23. Kg2 Rc2+ 24. Kg3 Bf2+ 25. Kf4 Bxe1 26. Be3 Bd2 27. Bxd2 Rxd2 28. b4 Rd4+ 29. Ke3 Rxb4 30. a5 Ba6 31. Kf2 Rd8 32. h4 Rb2+ 33. Kg3 h6 34. Ne4 Kg7 35. Nc5 Bb5 36. a6 Rdd2 37. g5 hxg5 38. hxg5 Bc6 39. a7 Ra2 40. Rb3 Rxa7 41. Rb8 Bd5 42. Nd7 Be6 43. Nf6 1-0

[Event "Titled Tuesday intern op 27th Dec Late"]
[Site "Chess.com INT"]
[Date "2022.12.27"]
[Round "1"]
[White "Haraguchi, Diego Sashaki"]
[Black "Averjanov, Alexey"]
[Result "0-1"]
[WhiteElo "2057"]
[BlackElo "2399"]
[PlyCount "84"]
[EventDate "2022.12.27"]
[EventType "swiss (blitz)"]
[EventRounds "11"]
[EventCountry "USA"]
[SourceTitle "EXT 2024"]
[Source "ChessBase"]
[SourceDate "2023.10.10"]
[SourceVersion "1"]
[SourceVersionDate "2023.10.10"]
[SourceQuality "1"]

1. d4 d5 2. c4 dxc4 3. Nf3 Nf6 4. e3 e6 5. Bxc4 a6 6. a4 c5 7. 0-0 Nc6 8. b3 cxd4 9. exd4 Be7 10. Bb2 0-0 11. Nbd2 b6 12. Ne5 Bb7 13. Ndf3 Nb4 14. Rc1 Rc8 15. Qe2 a5 16. Rfd1 Nbd5 17. g3 Rc7 18. Qd2 Qd6 19. Bf1 Rfc8 20. Rxc7 Rxc7 21. Rc1 Rxc1 22. Qxc1 h6 23. Nc4 Qc7 24. Ba3 Bxa3 25. Qxa3 Nb4 26. Bg2 Bd5 27. Qc1 Nd7 28. Nfe5 Bxg2 29. Kxg2 Nf6 30. Qe3 Nfd5 31. Qf3 Nc6 32. Ne3 Nxe5 33. Nxd5 Nxf3 34. Nxc7 Nxd4 35. Na8 b5 36. Nc7 b4 37. Nb5 Nxb3 38. Nd6 Nc5 39. Nc4 b3 40. Kf3 Nxa4 41. Ke2 b2 42. Kd2 b1Q 0-1

[Event "Caxambu Casa do Xadrez op"]
[Site "Caxambu"]
[Date "2022.07.24"]
[Round "5"]
[White "Molina, Roberto Junio Brito"]
[Black "Haraguchi, Diego Sashaki"]
[Result "1/2-1/2"]
[WhiteElo "2400"]
[BlackElo "2009"]
[PlyCount "125"]
[EventDate "2022.07.22"]
[EventType "swiss"]
[EventRounds "6"]
[EventCountry "BRA"]
[SourceTitle "CBM 209 Extra"]
[Source "ChessBase"]
[SourceDate "2022.09.30"]
[SourceVersion "1"]
[SourceVersionDate "2022.09.30"]
[SourceQuality "1"]

1. d4 Nf6 2. Nf3 g6 3. e3 Bg7 4. Be2 0-0 5. 0-0 d5 6. b4 Bf5 7. Bb2 Nbd7 8. c4 c6 9. a4 a5 10. b5 c5 11. cxd5 cxd4 12. Nxd4 Nb6 13. Nxf5 gxf5 14. d6 Qxd6 15. Qxd6 exd6 16. Nd2 Ne4 17. Bxg7 Kxg7 18. Nc4 Nxc4 19. Bxc4 Rac8 20. Bd5 b6 21. Bc6 Nc5 22. Rfd1 Rfd8 23. Ra2 d5 24. Kf1 Kf6 25. Rxd5 Rxd5 26. Bxd5 Rd8 27. Bf3 Rd3 28. Ke1 Ke5 29. Bd1 h6 30. Bc2 Rd6 31. Ra3 Rf6 32. Rc3 f4 33. Rc4 fxe3 34. fxe3 Rd6 35. Ke2 f5 36. Rf4 Rf6 37. g3 Ne6 38. Rh4 Rg6 39. Rc4 Nc5 40. Rf4 Rf6 41. Rd4 Rf8 42. Rh4 Rf6 43. Rd4 Rf8 44. Rd1 Rc8 45. Rf1 Ne4 46. Bd3 Rc3 47. g4 fxg4 48. Bxe4 Kxe4 49. Rf4+ Kd5 50. Rxg4 Rc2+ 51. Kd3 Rxh2 52. Rg6 Rh4 53. Rxb6 Rxa4 54. Rxh6 Ra3+ 55. Ke2 Rb3 56. Rh5+ Ke4 57. Rh4+ Kd5 58. Rh5+ Ke4 59. Kd2 a4 60. Rh4+ Kd5 61. Rxa4 Rxb5 62. Ke2 Rb6 63. Rh4 1/2-1/2

[Event "Titled Tuesday intern op 19th Jul Early"]
[Site "Chess.com INT"]
[Date "2022.07.19"]
[Round "1"]
[White "Kilic, Eray"]
[Black "Haraguchi, Diego Sashaki"]
[Result "1-0"]
[WhiteElo "2422"]
[BlackElo "2009"]
[PlyCount "75"]
[EventDate "2022.07.19"]
[EventType "swiss (blitz)"]
[EventRounds "11"]
[EventCountry "USA"]
[SourceTitle "EXT 2023"]
[Source "ChessBase"]
[SourceDate "2022.10.05"]
[SourceVersion "1"]
[SourceVersionDate "2022.10.05"]
[SourceQuality "1"]

1. e4 e5 2. Nf3 Nc6 3. Bb5 Nf6 4. d3 Bc5 5. 0-0 d6 6. h3 h6 7. Nc3 Kf8 8. Be3 Bb6 9. Bxb6 axb6 10. d4 exd4 11. Nxd4 Bd7 12. Nxc6 Bxc6 13. Bd3 g6 14. f4 Kg7 15. Qd2 Re8 16. Rae1 Nd7 17. Qf2 Qf6 18. Qg3 Nc5 19. h4 Re7 20. e5 dxe5 21. fxe5 Qe6 22. Rf6 Qd7 23. Bxg6 fxg6 24. Qxg6+ Kh8 25. Qxh6+ Kg8 26. e6 Qd4+ 27. Re3 Rg7 28. Rg6 Nxe6 29. Ne2 Qd1+ 30. Kh2 Qd6+ 31. Reg3 Qe5 32. Nf4 Kf8 33. Nxe6+ Ke7 34. Qxg7+ Qxg7 35. Nxg7 Rxa2 36. h5 Rxb2 37. h6 Be4 38. h7 1-0

[Event "Florianopolis op 8th"]
[Site "Florianopolis"]
[Date "2022.01.25"]
[Round "2"]
[White "Cuenca Jimenez, Jose Fernando"]
[Black "Haraguchi, Diego Sashaki"]
[Result "1-0"]
[WhiteElo "2552"]
[BlackElo "1953"]
[PlyCount "77"]
[EventDate "2022.01.24"]
[EventType "swiss"]
[EventRounds "10"]
[EventCountry "BRA"]
[SourceTitle "CBM 206 Extra"]
[Source "ChessBase"]
[SourceDate "2022.03.31"]
[SourceVersion "1"]
[SourceVersionDate "2022.03.31"]
[SourceQuality "1"]

1. c4 Nf6 2. Nc3 c5 3. Nf3 Nc6 4. d4 cxd4 5. Nxd4 e6 6. g3 a6 7. Bg2 Qc7 8. 0-0 Be7 9. b3 0-0 10. Bb2 d6 11. Rc1 Nxd4 12. Qxd4 Qc5 13. Qd3 Qh5 14. Rfd1 Ng4 15. h3 Ne5 16. Qd2 Rd8 17. Na4 Nd7 18. Ba3 Bf8 19. Qe3 Nf6 20. Nb6 Rb8 21. Nxc8 Rbxc8 22. Bxb7 Qxh3 23. Bxc8 Ng4 24. Qf3 Qh2+ 25. Kf1 Rxc8 26. Qg2 Qh6 27. Rc2 Rd8 28. Rcd2 Be7 29. Bxd6 Bg5 30. Bf4 Rf8 31. Bxg5 Qxg5 32. Kg1 f5 33. e3 h5 34. c5 f4 35. exf4 Qxc5 36. Qe4 e5 37. Qd5+ Qxd5 38. Rxd5 exf4 39. Rd8 1-0

[Event "Araruama op 1st"]
[Site "Araruama"]
[Date "2021.06.05"]
[Round "5"]
[White "Souza, Iago Henrique Da Si"]
[Black "Haraguchi, Diego Sashaki"]
[Result "1-0"]
[WhiteElo "2050"]
[BlackElo "1923"]
[PlyCount "134"]
[EventDate "2021.06.02"]
[EventType "tourn"]
[EventRounds "6"]
[EventCountry "BRA"]
[SourceTitle "CBM 203 Extra"]
[Source "ChessBase"]
[SourceDate "2021.09.30"]
[SourceVersion "1"]
[SourceVersionDate "2021.09.30"]
[SourceQuality "1"]

1. d4 Nf6 2. c4 g6 3. Nc3 d5 4. Nf3 Bg7 5. Qb3 dxc4 6. Qxc4 0-0 7. e4 Nbd7 8. Be2 Nb6 9. Qb3 c6 10. 0-0 Bg4 11. Rd1 Qc7 12. Be3 Rad8 13. Rac1 Qb8 14. d5 cxd5 15. Bxb6 axb6 16. exd5 Nd7 17. Qb4 Bxf3 18. Bxf3 Ne5 19. Be2 Nd7 20. Na4 Qe5 21. Bf3 Rc8 22. Nxb6 Nxb6 23. Qxb6 Qf4 24. Rxc8 Rxc8 25. Qxb7 Rb8 26. Qxe7 Be5 27. b3 Qxh2+ 28. Kf1 Bd6 29. Qd7 Kf8 30. g3 Bc5 31. Bg2 Qh5 32. Rc1 Bb4 33. Rc8+ Kg7 34. Kg1 Qd1+ 35. Bf1 Rxc8 36. Qxc8 Qxd5 37. Bc4 Qf3 38. Qc7 h5 39. Qe5+ Kh7 40. Be2 Qc6 41. Qf4 Qb7 42. Qf6 Bc5 43. Bc4 Qe7 44. Qxf7+ Qxf7 45. Bxf7 Kg7 46. Bd5 Kf6 47. a4 Bb4 48. Kg2 Kf5 49. Kf3 Ba5 50. Ke2 Bb4 51. f3 Kg5 52. Bb7 Bd6 53. f4+ Kf6 54. a5 Ke7 55. a6 Bc5 56. b4 Bb6 57. Bc6 Ba7 58. Kf3 Bb6 59. Ke4 Ba7 60. Kd5 Kd8 61. Bb5 Kc7 62. Bd3 Bf2 63. Bxg6 Bxg3 64. f5 Kb6 65. f6 Bh4 66. Ke6 Kb5 67. Kd7 Kxb4 1-0